All Cities to Have Had an NFL Team - Statistics

General Stats
  • This quiz has been taken 292 times
  • The average score is 28 of 36
Answer Stats
Years City Team % Correct
1921 - Chicago Bears
96%
1946 - San Francisco 49ers
94%
1960, 2017 - Los Angeles Chargers
93%
1925 - New York Giants
93%
1960 - 1962 Dallas Chiefs
91%
1960 - Buffalo Bills
90%
1946 - Cleveland Browns
89%
1960 - Denver Broncos
89%
1966 - Miami Dolphins
89%
1968 - Cincinnati Bengals
88%
1963 - Kansas City Chiefs
88%
1933 - Philadelphia Eagles
88%
1953 - 1983 Baltimore Colts
87%
1934 - Detroit Lions
87%
1960 - 1987 St. Louis Cardinals
86%
1966 - Atlanta Falcons
85%
2002 - Houston Texans
85%
1984 - Indianapolis Colts
85%
1961 - 2016 San Diego Chargers
85%
1976 - Tampa Buccaneers
85%
1937 - Washington Football Team
85%
1919 - Green Bay Packers
84%
1976 - Seattle Seahawks
83%
2020 - Las Vegas Raiders
82%
1995 - Jacksonville Jaguars
81%
1988 - Phoenix Cardinals
81%
1932 - 1936 Boston Football Team
80%
1960 - 1981, 1995 - 2019 Oakland Raiders
79%
1967 - New Orleans Saints
78%
1933 - Pittsburgh Steelers
77%
1961 - Minneapolis Vikings
71%
1997 - Nashville Titans
70%
1995 - Charlotte Panthers
65%
1920 Decatur Bears
14%
1930 - 1933 Portsmouth Lions
8%
1920 - 1921 Racine Cardinals
4%
No matching quizzes found
Score Distribution
Percent of People with Each Score
Percentile by Number Answered
Your Score History
You have not taken this quiz